| 000 | 01064nam a2200325 a 4500 | ||
|---|---|---|---|
| 001 | 3554260 | ||
| 003 | ARRUPE | ||
| 005 | 20140203135211.0 | ||
| 008 | 970919s1997 at b 001 0 eng d | ||
| 010 | _a 97197806 | ||
| 020 | _a1863716785 | ||
| 035 | _a(OCoLC)37052110 | ||
| 040 |
_aYQU _cYQU _dDLC |
||
| 042 | _alccopycat | ||
| 050 | 0 | 0 |
_aBX1802 _b.C55 1997 |
| 082 | 0 | 0 |
_a262/.13 _221 |
| 100 | 1 |
_aCollins, Paul, _d1940- _97741 |
|
| 245 | 1 | 0 |
_aPapal power : _ba proposal for change in Catholicism's third millennium / _cPaul Collins. |
| 260 |
_aBlackburn, Vic. : _bHarperCollinsReligious, _c1997. |
||
| 300 |
_axi, 228 p. ; _c21 cm. |
||
| 500 | _aIncludes index. | ||
| 504 | _aBibliography: p. 219-222. | ||
| 610 | 2 | 0 |
_aCatholic church _xGovernment. _97742 |
| 650 | 0 |
_aPopes _xPrimacy. _97743 |
|
| 650 | 0 |
_aChurch polity. _97744 |
|
| 650 | 0 |
_aChurch renewal. _97745 |
|
| 906 |
_a7 _bcbc _ccopycat _d3 _encip _f19 _gy-gencatlg |
||
| 942 |
_2lcc _cMONOGRAPH |
||
| 999 |
_c119888 _d119888 |
||